LEADER 01207nam a2200277 i 4500 001 000000053158 003 CaOOAMICUS 005 20090210000000.0 008 090210s1996 it u000 u ita u 013 $a24330 020 $a88-384-2628-7 040 $aSeMil$bita 100 0 $aEckhart,$c.$0(OLS)http://semarc/name/89129 245 13$aLa nobiltà dello spirito /$cMeister Eckhart ; a cura e con introduzione di Marco Vannini. 260 $aCasale Monferrato :$bPiemme,$c1996. 300 $a222 p. ;$c21 cm. 490 0 $aL'anima del mondo ;$v1 650 4$aEckhart : Meister - Sermoni.$0(OLS)http://semarc/subject/394 700 1 $aVannini, Marco,$d<1948- >.$0(OLS)http://semarc/name/3166 830 2$aL'anima del mondo ;$v1.$0(OLS)http://semarc/title/2164 850 $aSeMil 852 $aSeMil$W1$xVenegono$y1$m2C V 521$j19312$B19312$CSeMilBibl$Z2$F19314 $81 961 $aOmaggio: Poma mons. Gianfranco 996 $6020$a88-384-2628-7$9(OLS)http://semarc/number/27734 996 $6245$aLa nobiltà dello spirito$9(OLS)http://semarc/title/81826 996 $6260$aCasale Monferrato :$bPiemme$9(OLS)http://semarc/publisher/29798 LEADER 00770nam a2200181 i 4500 001 000000075029 003 CaOOAMICUS 005 20070625000000.0 008 070625s1960 it u000 u ita u 013 $a46201 040 $aSeMil$bita 100 1 $aFabbri, Diego <1911-1980>.$0(OLS)http://semarc/name/1462 245 10$aRancore. Inquisizione. Processo di famiglia. Divertimento. Contemplazione. Trio. I testimoni. 300 $a692 p. 773 0 $aFabbri, Diego <1911-1980>$tTeatro.$dFirenze : Vallecchi, 1959-1964.$g2$w()1619 850 $aSeMil 852 $aSeMil$W1$xVenegono$y1$m1D VI 22$j41181$B41181$CSeMilBibl$Z2$F41185 $81 996 $6245$aRancore. Inquisizione. Processo di famiglia. Divertimento. Contemplazione. Trio. I testimoni$9(OLS)http://semarc/title/121744